| 000 | 00486nam a2200181 i 4500 | ||
|---|---|---|---|
| 001 | 146414 | ||
| 003 | ES-MaACL | ||
| 005 | 20230906201526.0 | ||
| 007 | t| | ||
| 008 | 070910s1970 sp ||||1| spa d | ||
| 080 | _a914.6:372.465.1 | ||
| 080 | _a087.5:[914.6:372.465.1] | ||
| 245 | 0 | 0 | _aA través de España. |
| 260 |
_aZaragoza : _bLuis Vives, _c[1970] |
||
| 300 |
_a238 p. : _bil. ; _c24 cm. |
||
| 651 | 4 |
_aEspaña- _xDescripción. _98184 |
|
| 852 |
_aES-MaACL _jC-44059 _bR.73903 |
||
| 999 |
_c146414 _d146414 |
||